Netherlands World Cup Squad 1974 - Statistics

General Stats
  • This quiz has been taken 81 times
  • The average score is 10 of 22
Answer Stats
Number Pos. Club Player % Correct
14. (c) MF Barcelona (SPA) Johan Cruyff
97%
13. MF Ajax Johan Neeskens
85%
16. FW Ajax Johnny Rep
79%
15. FW Anderlecht (BEL) Rob Rensenbrink
71%
12. DF Ajax Ruud Krol
70%
2. MF Ajax Arie Haan
68%
3. MF SC Feyenoord Willem Van Hanegem
62%
8. GK FC Amsterdam Jan Jongbloed
59%
10. MF PSV Eindhoven Rene Van De Kerkhof
58%
11. MF PSV Eindhoven Willy Van De Kerkhof
58%
20. DF Ajax Wim Suurbier
55%
6. DF SC Feyenoord Wim Jansen
41%
5. DF SC Feyenoord Rinus Israel
40%
9. FW Ajax Piet Keizer
38%
17. DF SC Feyenoord Wim Rijsbergen
36%
18. GK FC Twente Piet Schrijvers
30%
1. MF Club Brugge (BEL) Ruud Geels
21%
7. MF SC Feyenoord Theo De Jong
19%
21. GK SC Feyenoord Eddy Treijtel
15%
19. DF PSV Eindhoven Pleun Strik
10%
22. DF SC Feyenoord Harry Vos
8%
4. DF FC Twente Kees Van Ierssel
7%
No matching quizzes found
Score Distribution
Percent of People with Each Score
Percentile by Number Answered
Your Score History
You have not taken this quiz